|
|
|
|
| LEADER |
00000nam2a2200000 4500 |
| 001 |
368159 |
| 005 |
20231102012045.0 |
| 035 |
|
|
|a (RuTPU)RU\TPU\retro\25522
|
| 035 |
|
|
|a RU\TPU\retro\25521
|
| 090 |
|
|
|a 368159
|
| 100 |
|
|
|a 20220331d1975 k y0rusy50 ca
|
| 101 |
0 |
|
|a rus
|
| 102 |
|
|
|a RU
|
| 105 |
|
|
|a a z 001zy
|
| 200 |
0 |
|
|a Химия и технология продуктов органического синтеза
|v Вып. 30
|
| 210 |
|
|
|d 1975
|
| 215 |
|
|
|a 98 с.
|c ил.
|
| 320 |
|
|
|a Библиография в конце статей
|
| 461 |
|
1 |
|0 (RuTPU)RU\TPU\retro\24961
|t Труды государственного научно-исследовательского и проектного института азотной промышленности
|v Вып. 30
|d 1952-1977
|
| 606 |
1 |
|
|a Азотная промышленность в целом
|2 stltpush
|3 (RuTPU)RU\TPU\subj\32154
|9 54797
|
| 606 |
1 |
|
|a Азотные удобрения
|x Производство
|x Автоматизация
|2 stltpush
|3 (RuTPU)RU\TPU\subj\32174
|9 54807
|
| 610 |
1 |
|
|a равновесия
|
| 610 |
1 |
|
|a жидкость-пар
|
| 610 |
1 |
|
|a циклододекан
|
| 610 |
1 |
|
|a окисление
|
| 610 |
1 |
|
|a термический распад
|
| 610 |
1 |
|
|a изоцианаты
|
| 610 |
1 |
|
|a синтез
|
| 610 |
1 |
|
|a свойства
|
| 610 |
1 |
|
|a алканы
|
| 610 |
1 |
|
|a паровая конверсия
|
| 610 |
1 |
|
|a побочные продукты
|
| 610 |
1 |
|
|a циклогексан
|
| 610 |
1 |
|
|a жидкофазное окисление
|
| 610 |
1 |
|
|a никелевые катализаторы
|
| 610 |
1 |
|
|a выщелачивание
|
| 610 |
1 |
|
|a бинарные смеси
|
| 610 |
1 |
|
|a пленочная ректификация
|
| 610 |
1 |
|
|a барботажные тарелки
|
| 610 |
1 |
|
|a конструкции
|
| 610 |
1 |
|
|a взаимодействия
|
| 610 |
1 |
|
|a спектроскопические методы
|
| 610 |
1 |
|
|a масс-спектрометрия
|
| 610 |
1 |
|
|a циклогексан
|
| 610 |
1 |
|
|a хлорлауринлактам
|
| 610 |
1 |
|
|a азотнокислые растворы
|
| 675 |
|
|
|a 661.5
|v 3
|
| 675 |
|
|
|a 661.52
|v 3
|
| 801 |
|
1 |
|a RU
|b 63413507
|c 20130206
|
| 801 |
|
2 |
|a RU
|b 63413507
|c 20220331
|g RCR
|
| 942 |
|
|
|c BK
|